| 000 | 00522nam a22001817a 4500 | ||
|---|---|---|---|
| 020 | _a978-81-19443-21-5 | ||
| 082 |
_a398.357 _bSEB/M |
||
| 100 | _aSebastian Vattamattam | ||
| 245 |
_aMariyammachedathiyude manikkampennu: _bnadanpattukalum leghanangalum/ _cby Sebastian Vattamattam. |
||
| 250 | _a2nd ed. | ||
| 260 |
_aKozhikode: _bPavanatma Publishers Pvt. Ltd., _c2023. |
||
| 300 | _a288p. | ||
| 650 | _aFolk Songs | ||
| 650 | _aFolklore | ||
| 650 | _aFolk Literature | ||
| 650 | _aSocial Sciences | ||
| 942 | _cBK | ||
| 999 |
_c181855 _d181855 |
||